MARC details
| 000 -LEADER |
| campo de control de longitud fija |
02620nam a2200397 i 4500 |
| 001 - NÚMERO DE CONTROL |
| campo de control |
196406 |
| 003 - IDENTIFICADOR DE NÚMERO DE CONTROL |
| campo de control |
ES-GrU |
| 005 - FECHA Y HORA DE LA ÚLTIMA TRANSACCIÓN |
| campo de control |
20250817190705.0 |
| 007 - CAMPO FIJO DE DESCRIPCIÓN FÍSICA--INFORMACIÓN GENERAL |
| campo de control de longitud fija |
ta |
| 008 - DATOS DE LONGITUD FIJA--INFORMACIÓN GENERAL |
| campo de control de longitud fija |
240716s2024 sp r 2 000 0 spa d |
| 017 ## - NÚMERO DE COPYRIGHT O DE DEPÓSITO LEGAL |
| Número de copyright o de depósito legal |
M 13783-2024 |
| Agencia que asigna |
Oficina Depósito Legal Madrid |
| 020 ## - NÚMERO INTERNACIONAL ESTÁNDAR DEL LIBRO |
| Número Internacional Estándar del Libro |
9788417173913 |
| Información calificativa |
(Tapa blanda) |
| 020 ## - NÚMERO INTERNACIONAL ESTÁNDAR DEL LIBRO |
| Número Internacional Estándar del Libro |
9788417173906 |
| Información calificativa |
(Tapa dura) |
| 040 ## - FUENTE DE CATALOGACIÓN |
| Centro catalogador/agencia de origen |
UGR |
| Normas de descripción |
rda |
| Lengua de catalogación |
spa |
| Centro/agencia transcriptor |
ES-MaACL |
| 080 ## - NÚMERO DE LA CLASIFICACIÓN DECIMAL UNIVERSAL |
| Número de la Clasificación Decimal Universal |
7.069 |
| 245 13 - MENCIÓN DEL TÍTULO |
| Título |
La memoria colonial en las colecciones Thyssen-Bornemisza : |
| Resto del título |
[Exposición: Museo Thyssen-Bornemisza], 25 de junio a 20 de octubre, 2024 |
| 264 #1 - PRODUCCIÓN, PUBLICACIÓN, DISTRIBUCIÓN, FABRICACIÓN Y COPYRIGHT |
| Producción, publicación, distribución, fabricación y copyright |
Madrid : |
| Nombre del de productor, editor, distribuidor, fabricante |
Museo Thyssen-Bornemisza, |
| Fecha de producción, publicación, distribución, fabricación o copyright |
2024 |
| 264 #4 - PRODUCCIÓN, PUBLICACIÓN, DISTRIBUCIÓN, FABRICACIÓN Y COPYRIGHT |
| Fecha de producción, publicación, distribución, fabricación o copyright |
©2024 |
| 300 ## - DESCRIPCIÓN FÍSICA |
| Extensión |
232 páginas ; |
| Dimensiones |
28 cm |
| 336 ## - TIPO DE CONTENIDO |
| Término de tipo de contenido |
texto |
| Código de tipo de contenido |
txt |
| Fuente |
rdacontent |
| 337 ## - TIPO DE MEDIO |
| Nombre/término del tipo de medio |
sin mediación |
| Código del tipo de medio |
n |
| Fuente |
rdamedia |
| 338 ## - TIPO DE SOPORTE |
| Nombre/término del tipo de soporte |
volumen |
| Código del tipo de soporte |
nc |
| Fuente |
rdacarrier |
| 520 3# - RESUMEN, ETC. |
| Sumario, etc. |
Exposición en el Museo Nacional Thyssen-Bornemisza del 25 de junio al 20 de octubre de 2024. La memoria colonial en las Colecciones Thyssen-Bornemisza es una relectura de una selección de 73 obras, integrada exclusivamente por obras de arte del Museo Nacional ThyssenBornemisza, de la Colección Carmen Thyssen y de la Colección Thyssen-Bornemisza Art Contemporary (TBA21), y recorre un largo tramo de la historia del arte occidental desde el siglo XVII hasta nuestros días. En ella se analiza la huella en el arte (no siempre explicita y casi siempre ignorada) de los grandes rasgos del colonialismo europeo: la sobreexplotación de los territorios de ultramar y de sus poblaciones, la construcción racial que impone una jerarquía según el color de piel, el esclavismo y la dominación violenta, la idealización del paisaje y la vida en las colonias, la sexualización de los habitantes de los territorios colonizados (especialmente las mujeres) y finalmente los testimonios de existencia, desde el cimarronaje hasta la lucha por los derechos civiles |
| Fuente |
(Texto del editor) |
| 650 #7 - PUNTO DE ACCESO ADICIONAL DE MATERIA--TÉRMINO DE MATERIA |
| Término de materia o nombre geográfico como elemento de entrada |
Arte colonial |
| Fuente del encabezamiento o término |
embne |
| 9 (RLIN) |
169301 |
| 655 #7 - TERMINO DE INDIZACIÓN--GENERO/FORMA |
| Fuente del término |
tgfbne |
| 9 (RLIN) |
193628 |
| Datos o término principal de género/forma |
Catálogos de exposiciones |
| 700 ## - ENTRADA AGREGADA--NOMBRE PERSONAL |
| Nombre de persona |
López-Manzanares, Juan Ángel |
| 9 (RLIN) |
238902 |
| Término indicativo de función/relación |
Comisario |
| 700 1# - ENTRADA AGREGADA--NOMBRE PERSONAL |
| Nombre de persona |
Campo Rosillo, Alba, |
| 9 (RLIN) |
238903 |
| Término indicativo de función/relación |
Comisario |
| 700 1# - ENTRADA AGREGADA--NOMBRE PERSONAL |
| Nombre de persona |
García López, Yeison F., |
| Fechas asociadas al nombre |
1992- |
| 9 (RLIN) |
238904 |
| Término indicativo de función/relación |
Comisario |
| 700 1# - ENTRADA AGREGADA--NOMBRE PERSONAL |
| Nombre de persona |
Pacheco González, Andrea, |
| 9 (RLIN) |
238905 |
| Término indicativo de función/relación |
Comisario |
| 710 2# - ENTRADA AGREGADA--NOMBRE DE ENTIDAD CORPORATIVA |
| Nombre de entidad corporativa o nombre de jurisdicción como elemento de entrada |
Museo Nacional Thyssen-Bornemisza |
| Término indicativo de función/relación |
Sede |
| 9 (RLIN) |
5926 |
| 852 ## - LOCALIZACIÓN |
| Ubicación |
ES-MaACL |
| Ubicación en estantería |
Depósito J |
| Número de control de estantería |
N-10147 |
| Encuadernación |
Encuadernación rústica |
| itemnumber |
206276 |
| Donativo/Legado |
Donación: Editorial |
| 942 ## - ELEMENTOS DE ENTRADA SECUNDARIOS (KOHA) |
| Tipo de ítem Koha |
Libro impreso |
| Suprimir en OPAC |
No |